Ocean in a drop : (Record no. 143475)

MARC details
000 -LEADER
fixed length control field 00555nam a22001817a 4500
005 - DATE AND TIME OF LATEST TRANSACTION
control field 20170817135819.0
010 ## - LCCN (DPL NO)
LC control number ENG-119841
020 ## - INTERNATIONAL STANDARD BOOK NUMBER
International Standard Book Number 9788184621426
Terms of availability 500.00
035 ## - SYSTEM CONTROL NUMBER
System control number EN-103373
037 ## - SOURCE OF ACQUISITION
Source of stock number/acquisition DBAD/PUB
082 ## - DEWEY DECIMAL CLASSIFICATION NUMBER
Classification number 881
100 ## - MAIN ENTRY--PERSONAL NAME
Personal name Chandrika
245 ## - TITLE STATEMENT
Title Ocean in a drop :
Statement of responsibility, etc by Chandrika
Remainder of title inspired by the Ramayana /
260 ## - PUBLICATION, DISTRIBUTION, ETC. (IMPRINT)
Place of publication, distribution, etc Mumbai
Name of publisher, distributor, etc Vakils, Feffer and Simons
Date of publication, distribution, etc 2017
270 ## - ADDRESS
Address Industry Manor, Appasaheb Marathe Marg Prabhadevi,
City Mumbai
Postal code 400025
300 ## - PHYSICAL DESCRIPTION
Extent xi,128p.
Dimensions 19cm(Hb)
942 ## - ADDED ENTRY ELEMENTS (KOHA)
Source of classification or shelving scheme Dewey Decimal Classification
Item type English Books
Classification part 881
Call number suffix CHA
Holdings
Withdrawn status Lost status Not for loan Collection code Home library Current library Date acquired Source of acquisition Cost, normal purchase price Full call number Barcode Copy number Cost, replacement price Koha item type
    Not For Loan Non-fiction D.B.Act.Division Bawana 17/08/2017 DBAD/PUB 500.00 881 CHA EN-103373 1 500.00 English Books

© Delhi Public Library
Hit Counter
free hit counter